000 00954nam a2200277 i 4500
003 DO-SdBNP
005 20250206102509.0
007 ta
008 240702b2000 dr a|||| |||| 00| 0 spa d
040 _aDO-BNPHU
_bspa
_cBNPHU
_erda
082 4 _222
100 1 _aD Aza, Eugenio,
_eautor
_985932
245 1 0 _aGritos de tiempo :
_bpoemas /
_cEugenio D Aza ; cuidado de edición, Pastor de Moya ; ilustraciones, Amaury Reyes
264 _aSanto Domingo :
_bEdiciones a Mano,
_c2000.
300 _a46 páginas :
_bilustraciones ;
_c21 cm.
336 _2rdacontent
_atexto
_btxt
337 _2rdamedia
_asin mediación
_bn
338 _2rdacarrier
_avolumen
_bnc
490 _aCereza de poesía
_v4
500 _aIncluye datos biográficos del autor en la contracubierta
590 _aInventariado, 2024/BT
700 1 _aMoya, Pastor de,
_d1965-
_eedición
_97820
700 1 _aReyes, Amaury,
_eilustraciones
_985933
910 _aBtavárez
942 _2ddc
_cLF2
999 _c57117
_d57117